Dictionare encyclopédique de pédagogie moderne : (Record no. 15343)
[ view plain ]
| 000 -CABECERA | |
|---|---|
| campo de control de longitud fija | 00653nam a2200193 a 4500 |
| 005 - FECHA Y HORA DE LA ÚLTIMA TRANSACCIÓN | |
| campo de control | 20251205063954.0 |
| 008 - ELEMENTOS DE LONGITUD FIJA--INFORMACIÓN GENERAL | |
| campo de control de longitud fija | 991125s1973 fr 000 0 fre u |
| 035 ## - NÚMERO DE CONTROL DEL SISTEMA | |
| Número de control de sistema | UPN01000015343 |
| 049 ## - COLECCIÓN | |
| Colección | C |
| 050 #4 - SIGNATURA TOPOGRÁFICA DE LA BIBLIOTECA DEL CONGRESO | |
| Número de clasificación | LB15 |
| Número de documento/Ítem | H6.3 |
| 100 1# - ASIENTO PRINCIPAL--NOMBRE PERSONAL | |
| Nombre de persona | Hotyat, Fernand |
| 245 10 - MENCIÓN DE TÍTULO | |
| Título | Dictionare encyclopédique de pédagogie moderne : |
| Resto del título | á l'usage des enseignements, des éducateurs et des parents / |
| Mención de responsabilidad, etc. | F. Hotyat, D. Delepine-Messe ; colab. Ch. Touyarot. |
| 260 ## - PUBLICACIÓN, DISTRIBUCIÓN, ETC. | |
| Lugar de publicación, distribución, etc. | París : |
| Nombre del editor, distribuidor, etc. | F. Nathan, |
| Fecha de publicación, distribución, etc. | 1973. |
| 300 ## - DESCRIPCIÓN FÍSICA | |
| Extensión | 340 p. |
| 650 #4 - ASIENTO SECUNDARIO DE MATERIA - TERMINO TEMATICO | |
| Término de materia o nombre geográfico como elemento de entrada | Enseñanza |
| Subdivisión de forma | Diccionarios |
| 9 (RLIN) | 18028 |
| 700 1# - ASIENTO SECUNDARIO--NOMBRE DE PERSONAL | |
| Nombre de persona | Delepine-Messe, D., |
| Término indicativo de función/relación | coaut. |
| 700 1# - ASIENTO SECUNDARIO--NOMBRE DE PERSONAL | |
| Nombre de persona | Touyarot, Charles, |
| Término indicativo de función/relación | colab. |
| 905 ## - TIPO DE MATERIAL | |
| Tipo de material | Libro |
| Estado de retiro | Estado de pérdida | Fuente del sistema de clasificación o colocación | Estado dañado | No para préstamo | Código de colección | Localización permanente | Ubicación/localización actual | Ubicación en estantería | Total de préstamos | Clasificación | Código de barras | Fecha visto por última vez | Número de copia | Tipo de ítem Koha |
|---|---|---|---|---|---|---|---|---|---|---|---|---|---|---|
| Library of Congress Classification | Consulta | Consulta | Bib. Gregorio Torres Quintero | Bib. Gregorio Torres Quintero | Sala de lectura Sótano | LB15 H6.3 | 21673 | 31/12/2020 | 1 | Libro |
